00398nam a2200133 a 4500003000500000005001700005008004100022020001500063050002200078245007300100260005200173300002000225650001900245PILC20151020102814.0970101s19uu xx 00 eng d a8171815332 aE 612b.G884 1998 aHow we behavecEditirial Neeta Datta, Madhvi Kapur, Sharmistha Dash. aNew Delhi :bLearners Press Private Ltd,c1998. a80 p. :c18 cm. aHuman behavior